| 000 | 00543nam a2200133Ia 4500 | ||
|---|---|---|---|
| 005 | 20260209120147.0 | ||
| 008 | 260209s9999||||xx |||||||||||||| ||und|| | ||
| 100 | _aKritika P Trivedi | ||
| 245 | 0 | _aRevving up competition : avoiding over-regulation through ex-ante regulation in India’s e-commerce sector | |
| 260 |
_aBangaloreBangalore _bNLSIU, Bangalore _c2023 |
||
| 300 | _a56 p. ; 25 cm. | ||
| 700 | _aProf. Dr. T S Somashekar - Supervisor Prof. Dr. T S Somashekar - Supervisor | ||
| 856 | _uhttps://dans.nls.ac.in/handle/123456789/1202 | ||
| 999 |
_c217596 _d217596 |
||